000 00770cam a22002412 4500
001 0000009115
005 20151217145846.0
008 080903s xx 000 0 eng d
020 _a0421830603 :
_cKES 3200
040 _aKABU
_cKABU
100 1 _aUpex, Robert.
_@0000160158
245 1 0 _aDavies on contract /
_cRobert Upex, Geoffrey Bennett with a contribution by Jason Chuah.
250 _a 9th ed.
260 _aLondon :
_bSweet & Maxwell,
_c2004.
300 _axxvi, 309 p.
650 0 _aContracts
_zEngland.
_@0000160118
650 0 _aContracts
_zWales.
_@0000160119
700 1 _aBennett, Geoffrey.
_@0000160159
700 1 _aChuah, Jason.
_@0000160160
908 _a080903
950 _@1
999 _c3373
_d3373